000
00270nam a22001217a 4500
008
180911b xxu||||| |||| 00| 0 eng d
041
_a
eng
080
_a
371
100
_a
25
101
_a
EDU
245
_a
The Modern Thesaurus of Synonyms
_c
Lewis, N
942
_2
udc
_c
BK
999
_c
47679
_d
47679